Lana Del Rey - guess the song from the first lyrics - Statistics

General Stats
  • This quiz has been taken 57 times
  • The average score is 8 of 15
Answer Stats
Lyric Song % Correct
Money is the anthem of success National Anthem
96%
I've seen the world, done it all, had my cake now Young and Beautiful
81%
Look you kids with your vintage music Love
75%
Summertime, and the livin's easy, Bradley's on the microphone with Ras M.G. Doin' Time
67%
This is a simple song, gonna write it for a friend Margaret
65%
My body is a map of LA, I stand straight like an angel with a halo Arcadia
54%
I haven't done a cartwheel since I was nine A&W
54%
Club queen on the downtown scene prowling around at night Art Deco
52%
I'm on the run, with you my sweet love Chemtrails Over the Country Club
52%
I miss Long Beach and I miss you babe The greatest
50%
There's a picture on the wall, of me on a John Deere Blue Banisters
46%
Blackbirds will sing in the same key as you play in the shoes that I bought you Living Legend
46%
All the ladies of the Canyon wearing black to their house parties Bartender
33%
Sun stare, don't care with my head in my hands thinking of a simpler time White Dress
29%
White fire, cinnamon on my teeth, and I'm sittin' at the stoplight northern town Candy Necklace
25%
No matching quizzes found
Score Distribution
Percent of People with Each Score
Percentile by Number Answered
Your Score History
You have not taken this quiz